000 00571nam a2200181Ia 4500
008 170106s2011||||xx |||||||||||||| ||und||
020 _a9789814267090
_q hb
041 _aeng
082 _a616.0754
_bGOI
100 _aGoins, Beth A.
245 0 _aNanoimaging
260 _aSingapore
_bPan Stanford Publishing
_c2011
300 _a298p. ; 26 cm.
440 _aPan Stanford series on biomedical nanotechnology ; v.2
650 _aNanomedicine ; Biomedical engineering ; Nanostructured materials--Optical properties
700 _a Phillips, William T.
942 _cBK
999 _c26594
_d26594